Logo BPK

Biblioteka

Politechniki Koszalińskiej

XVIII Ogólnopolska Konferencja Naukowo-Dydaktyczna Teorii Maszyn i Mechanizmów. (Rekord nr 42484)

Szczegóły MARC
000 -ETYKIETA REKORDU
podpole kontrolne o stałej długości 01324nam a2200241 i 4500
001 - NUMER KONTROLNY REKORDU
pole kontrolne bg
040 ## - ŹRÓDŁO KATALOGOWANIA
Instytucja, która utworzyła rekord BPK
041 0# - KOD JĘZYKA
Kod języka tekstu pol
Kod języka streszczenia lub abstraktu eng
080 ## - UNIWERSALNA KLASYFIKACJA DZIESIĘTNA - UKD
UKD 621.01(061)
008 - POLE O STAŁEJ DŁUGOŚCI - DANE KONTROLNE
podpole kontrolne o stałej długości s pl f |000 0 pol
111 2# - NAZWA IMPREZY
Nazwa imprezy Ogólnopolska Konferencja Naukowo-Dydaktyczna Teorii Maszyn i Mechanizmów
Oznaczenie części/sekcji/imprezy (18 ;
Data imprezy 2002 ;
Miejsce imprezy Lądek-Zdrój).
245 06 - TYTUŁ/ODPOWIEDZIALNOŚĆ
Tytuł XVIII Ogólnopolska Konferencja Naukowo-Dydaktyczna Teorii Maszyn i Mechanizmów.
246 11 - WARIANT TYTUŁU
Tytuł XVIII Polish Scientific Conference on the Theory of Machines and Mechanisms
260 ## - STREFA ADRESU WYDAWNICZEGO
Miejsce wydania Wrocław :
Nazwa wydawcy/dystrybutora Oficyna Wydawnicza PW,
Data publikacji, dystrybucji/powstania dokumentu 2002.
300 ## - STREFA OPISU FIZYCZNEGO
Objętość 422 s. :
Inne cechy fizyczne il. ;
Rozmiary 24 cm.
490 1# - STREFA SERII I DOKUMENTU WIELOCZĘŚCIOWEGO - FORMA NIE DO WYSZUKIWANIA
Tytuł i oznaczenie odpowiedzialności serii Prace Naukowe Instytutu Konstrukcji i Eksploatacji Maszyn Politechniki Wrocławskiej =
-- Scientific Papers of the Institute of Machine Design and Operation of the Wrocław University of Technology =
-- Konferencje. Conferences,
ISSN 0324-9646 ;
Numeracja w obrębie serii nr 25
500 ## - UWAGI OGÓLNE
Tekst uwagi Tyt. równol.: XVIII Polish Scientific Conference on the Theory of Machines and Mechanisms. Nr serii gł.: 85. Miejsce i data konferencji: Lądek-Zdrój, 18-20 września 2002. - Streszcz. ang. przy ref.
504 ## - UWAGA DOTYCZĄCA BIBLIOGRAFII
Informacje o bibliografii Bibliogr. przy ref. Indeks.
650 #9 - HASŁO PRZEDMIOTOWE W FORMIE NAZWY OGÓLNEJ LUB JEDNOSTKOWEJ
Nazwa ogólna lub geograficzna Maszyny
Określnik ogólny teoria
655 ## - TERMIN INDEKSOWY - OKREŚLENIE RODZAJU/FORMY DOKUMENTU
Określenie rodzaju/formy dokumentu Materiały konferencyjne
830 #0 - HASŁO DODATKOWE SERII LUB DOKUMENTU WIELOCZĘŚCIOWEGO - TYTUŁ UJEDNOLICONY
Tytuł ujednolicony Prace Naukowe Instytutu Konstrukcji i Eksploatacji Maszyn Politechniki Wrocławskiej
856 ## - LOKALIZACJA I DOSTĘP DO ELEKTRONICZNYCH DOKUMENTÓW ZDALNYCH
Link (URL) http://koha.tu.koszalin.pl/cgi-bin/koha/opac-detail.pl?biblionumber=42484
Tekst linku Katalog online BPK
942 ## - DODATKOWE ELEMENTY (KOHA)
Typ dokumentu Książka
Egzemplarze
Wycofany Status egzemplarza Uszkodzony Dostępność Lokalizacja stała Lokalizacja bieżąca Miejsce przechowywania Sygnatura Kod kreskowy Typ dokumentu
      Dostępny Biblioteka Politechniki Koszalińskiej Biblioteka Politechniki Koszalińskiej Wypożyczalnia BG 66782 01981827 Książka
© 2023 Biblioteka Politechniki Koszalińskiej :: KOHA